000 00732nab a2200229u 4500
001 23249
003 HDC
007 c| |||a|c|aaaa
008 210316b20141217my ||||| |||| 00| 0 may d
040 _aHDC
245 0 _aProgram Francais Kominiti buka peluang perniagaan
336 _atext
_2rdacontent
337 _acomputer
_2rdamedia
338 _aonline resource
_2rdacarrier
650 _afranchise industry
_911577
650 _aFranchise program
_919914
710 _aUTUSAN MALAYSIA
856 _zRequest full-text at [email protected]
942 _2lcc
942 _cNEWS
942 _kNWSC 005113
999 _c20565
_d20565